Los buscadores de prestigio

में बचाया:
ग्रंथसूची विवरण
मुख्य लेखक: Packard, Vance Oakley (autor)
स्वरूप: पुस्तक
भाषा:स्पेनिश
प्रकाशित: Buenos Aires Universitaria de Buenos Aires 1969
संस्करण:6a. ed
विषय:
टैग: टैग जोड़ें
कोई टैग नहीं, इस रिकॉर्ड को टैग करने वाले पहले व्यक्ति बनें!

MARC

LEADER 00000nam a2200000 a 4500
001 UCT8185
003 CL-VaPUC
008 970326e19690000AG |||||||||||||||||spa|d
082 0 4 |a 305.5  |b PAC  |2 21 
100 |a Packard, Vance Oakley  |e autor  |9 549955 
245 1 4 |a Los buscadores de prestigio 
250 |a 6a. ed 
300 |a 390 p 
942 |c BK 
945 |d 19970326 00:00:00  |a nastorga 
260 |a Buenos Aires  |b Universitaria de Buenos Aires  |c 1969 
650 0 |a Sociología   |9 255410 
650 0 |a Sociedad  |9 307903 
650 7 |a STATUS SOCIAL  |2 CL-VaPUC  |9 375973 
650 7 |a PRESTIGIO  |2 CL-VaPUC  |9 334652 
650 7 |a TENDENCIAS  |2 CL-VaPUC  |9 371752 
650 0 |a Estructuras sociales  |9 367188 
650 0 |a Clases sociales  |9 256858 
650 7 |a DIFERENCIACION SOCIAL  |2 CL-VaPUC  |9 379742 
583 |a last modification  |c 19970326 00:00:00  |k Rodrigo Vera 
999 |c 256708  |d 256706 
952 |0 0  |1 0  |4 0  |6 305_500000000000000_PAC_1969  |7 0  |8 A  |9 279615  |a BIBGIM  |b BIBGIM  |d 2019-11-19  |i 3276686  |o 305.5 PAC 1969  |p 3276686  |r 2025-01-15  |w 2019-11-19  |y BK  |k GIM